[Event "EYCC 2017"]
[Site "Mamaia"]
[Date "2017.09.13"]
[Round "8"]
[White "Haldorsen, Benjamin"]
[Black "Radovic, Janko"]
[Result "1/2-1/2"]
[WhiteElo "2397"]
[BlackElo "2330"]
[Annotator "TA"]
[PlyCount "117"]
[EventDate "2017.??.??"]
[EventType "swiss"]
[EventCountry "ROU"]
[SourceTitle "playchess.com"]
[Source "ChessBase"]
[SourceQuality "1"]

{[%evp 14,117,18,19,19,19,35,8,10,0,33,0,8,0,6,-39,-25,-31,-25,-33,-12,-14,-23,-17,8,-32,-49,-29,-38,-24,-9,-8,33,0,16,0,35,0,0,0,0,-3,-4,-26,-18,-18,287,287,283,272,277,255,371,350,447,284,275,268,270,251,234,198,184,135,193,195,189,189,139,95,186,171,170,176,172,183,183,182,165,170,223,116,120,66,66,66,66,71,85,87,91,0,0,-87,-22,-37,0,0,0,0,0,0,0,0,0,0]} 1. e4 c5 2. Nc3 d6 3. f4 g6 4. d4 cxd4 5. Qxd4 Nf6 6. Nf3 {B23: Closed Sicilian: Lines without g3} Nc6 7. Qf2 Bg7 8. Bd3 {LiveBook: 4 Games} O-O (8... Nb4 9. O-O Nxd3 10. cxd3 O-O 11. Qh4 b5 12. a3 {1-0 (43) Adhiban,B (2682)-Idani,P (2576) Sharjah 2017}) 9. O-O Ng4 $146 ({Predecessor:} 9... e5 10. Qh4 Ng4 11. Qxd8 Rxd8 12. Nd5 {0-1 (33) Paehtz,E (2472)-Ushenina,A (2450) Huaian 2016}) 10. Qe2 Nd4 11. Qe1 Bd7 12. h3 Nxf3+ 13. Rxf3 Nf6 14. e5 Ne8 15. Kh1 Bc6 16. Be4 Qc7 17. Bxc6 Qxc6 18. Rd3 e6 19. Be3 dxe5 20. fxe5 Bxe5 {[#]} 21. Bxa7 $1 {[%mdl 512]} Bc7 (21... Rxa7 22. Qxe5) 22. Bd4 Ra5 {[%cal Ba8a5,Ba5f5,Bf5f4][%mdl 32]} 23. Qe4 (23. a4 $5 {[%cal Rc3b5]}) 23... Qa6 24. b4 Nd6 25. Qf4 (25. Qe1 $5 {[%cal Rb4a5]} Rg5 26. Bc5 $11) 25... Rf5 26. Qh6 $40 {[%csl Gd4][%cal Rh6g7][%mdl 128] White is up to no good.} f6 27. Qe3 Nc4 28. Qe4 Rf4 29. Qe2 Re8 $2 {[%mdl 8192] [#]} (29... Nb2 $11 {and Black is okay.} 30. Rd2 Qd6) 30. Nd5 $1 $18 {[%cal Rd5c7][%mdl 512]} Qd6 {( -> ...Rf1+!)} (30... exd5 31. Qxe8+) 31. Nxf4 Qxf4 {[%csl Gc7][%cal Rf4h2]} 32. Bg1 Ne5 (32... Nd6 $142 33. Rf1 Qxb4 34. Rxf6 Qe4) 33. Rd4 Qg3 34. Qe3 Qxe3 35. Bxe3 Rc8 36. Rdd1 Nc4 37. Bd4 e5 38. Bg1 Bd6 (38... e4 $16 {was necessary.}) 39. c3 Kf7 40. Rd5 Ke6 41. Rad1 e4 (41... Rc6 $16 {was called for.}) 42. Bc5 $1 {[%cal Rd5d6]} Be5 43. Rd7 b6 44. Re7+ Kf5 45. Rf1+ Kg5 46. Bd4 e3 (46... Bxd4 $142 47. cxd4 f5) 47. Bxe5 ({Don't play} 47. Rxh7 $6 Re8 $16) ({White should try} 47. a4 $18) 47... Nxe5 {[%mdl 4096] Endgame [#] KRR-KRN} 48. h4+ ({Reject} 48. Rxh7 $6 Re8 $11) (48. Re6 $1 $16) 48... Kxh4 $14 49. Rxf6 Ng4 $1 {[%cal Rg4f6]} 50. Rxh7+ Kg5 {[#]} 51. Rf1 $1 ({Much weaker is} 51. Rxb6 $6 e2 $11) 51... Rxc3 52. g3 (52. a4 $16) 52... Rc2 $11 53. a3 (53. Re1 $11) 53... Nf2+ (53... e2 $17 {[%cal Re2f1]} 54. Re1 Nf2+ 55. Kg2 Nd3) 54. Kg1 {Re1 is the strong threat.} e2 (54... Nd3 $5 {[%cal Re3e2]} 55. Rd7 Rd2 56. Rd5+ Kh6 57. Rxd3 Rxd3 $15) 55. Kxf2 {The position is equal.} exf1=Q+ 56. Kxf1 Rc3 57. Kf2 Rxa3 58. Rb7 Kg4 59. Rxb6 {Precision: White = 59%, Black = 52%.} 1/2-1/2

[Event "EYCC 2017"]
[Site "Mamaia"]
[Date "2017.09.13"]
[Round "8"]
[White "Erenberg, Ariel"]
[Black "Fakhrutdinov, Timur"]
[Result "1-0"]
[WhiteElo "2386"]
[BlackElo "2441"]
[Annotator "TA"]
[PlyCount "67"]
[EventDate "2017.??.??"]
[EventType "swiss"]
[EventCountry "ROU"]
[SourceTitle "playchess.com"]
[Source "ChessBase"]
[SourceQuality "1"]

{[%evp 19,67,0,0,0,5,8,7,-1,0,0,39,33,29,20,21,0,0,0,57,51,73,70,72,58,58,62,55,20,32,35,60,52,62,72,106,100,116,128,139,129,245,241,325,322,444,467,451,452,536,442]} 1. d4 {[%cal Bd2d4,Bd4d5][%mdl 32]} Nf6 2. c4 e6 3. Nc3 Bb4 4. f3 c5 5. d5 O-O 6. e4 b5 {E20: Nimzo-Indian: 4 g3 and 4 f3} (6... d6 7. Bd3 b5 8. Nge2 bxc4 9. Bxc4 exd5 10. Bxd5 Nxd5 11. Qxd5 Qb6 12. Bf4 Be6 13. Qxa8 Nc6 14. Qxf8+ Kxf8 15. Bxd6+ {1-0 (75) Mamedyarov,S (2766)-So,W (2808) chess.com INT 2017}) 7. Nh3 bxc4 8. Bxc4 exd5 9. Bxd5 Nxd5 10. Qxd5 Ba6 {LiveBook: 3 Games} 11. Bf4 Nc6 12. Kf2 c4 $146 ({Predecessor:} 12... Qb6 13. Rhd1 Ba5 14. Rab1 {1-0 (41) Gurvich,V (2050)-Lobanov,S (2253) Budva 2013}) 13. Rhd1 Be7 14. Qxd7 Nb4 {With the idea ...Nd3+.} (14... Qb6+ {looks sharper.} 15. Kf1 Rac8 16. Qd2 Bc5 17. Bg3 Rcd8) 15. Qxd8 Rfxd8 16. Nd5 $36 {[%mdl 2048] Black is under pressure.} Nxd5 17. Rxd5 Rxd5 18. exd5 {[%cal Be4d5,Bd5d6][%mdl 32]} Rd8 ({Better is} 18... Bf6 $11) 19. Rd1 $14 f6 20. d6 Kf7 21. Ng1 (21. Rd5 $5 {[%cal Rd5a5]} g5 22. Rf5 (22. Ra5 Bxd6 23. Bxg5 fxg5 $16) 22... Bxd6 23. Bxg5 $16) 21... g5 22. Bg3 h5 {[%cal Bh7h5,Bh5h4][%mdl 32] And now ...h4 would win.} 23. h3 (23. h4 {seems wilder.} gxh4 24. Bf4 Bf8 25. Ne2 Bc8 26. Rd5) 23... h4 24. Bh2 Bf8 25. Ne2 Bc8 26. Nc3 Bf5 27. Ne4 Rb8 28. Rd2 Rc8 29. Ke3 Bd7 {[#]} (29... Be6 $16 30. Bg1 Bh6) 30. Kd4 $1 $18 Rc6 {[#]} 31. Kd5 $1 f5 32. Nxg5+ {White is clearly winning.} Kg6 33. Ne6 Bh6 {intending ...Bxe6+.} 34. Rc2 {Precision: White = 91%, Black = 41%.} 1-0

[Event "EYCC 2017"]
[Site "Mamaia"]
[Date "2017.09.13"]
[Round "8"]
[White "Sousa, Andre Ventura"]
[Black "Dragnev, Valentin"]
[Result "1-0"]
[WhiteElo "2386"]
[BlackElo "2483"]
[Annotator "TA"]
[PlyCount "81"]
[EventDate "2017.??.??"]
[EventType "swiss"]
[EventCountry "ROU"]
[SourceTitle "playchess.com"]
[Source "ChessBase"]
[SourceQuality "1"]

{[%evp 21,81,0,0,0,-6,-8,0,0,0,-19,0,-14,-22,-20,47,31,40,40,84,49,54,63,88,85,79,78,78,85,82,95,78,94,92,87,183,181,179,166,183,146,233,234,472,420,425,420,681,781,755,725,685,749,771,775,939,930,891,763,1098,1058,6407,1016]} 1. e4 e5 2. Nf3 Nc6 3. Bb5 a6 4. Ba4 Nf6 5. O-O Be7 6. Re1 b5 7. Bb3 O-O 8. d4 Nxd4 9. Nxd4 exd4 10. e5 Ne8 11. c3 {C88: Closed Ruy Lopez: Anti-Marshall Systems} c5 {[%cal Bc7c5,Bc5c4][%mdl 32] LiveBook: 3 Games. And now ...c4 would win.} (11... dxc3 12. Nxc3 Bb7 13. Nd5 Bxd5 14. Qxd5 c6 15. Qe4 g6 16. Bh6 Ng7 17. Rad1 Qc7 18. g4 Rad8 19. f4 Rfe8 {½-½ (36) Lu,S (2614)-Dubov,D (2666) Moscow 2016}) 12. cxd4 c4 13. Bc2 {The position is equal.} d5 14. Nc3 {Threatens to win with Nxd5!} Nc7 $146 ({Predecessor:} 14... b4 15. Nxd5 Qxd5 16. Be4 Qa5 17. Bxa8 Nc7 18. Be4 Nd5 {1-0 (33) Aitbayev,A (2411)-Dotsenko,S (2188) St Petersburg 2012}) 15. a3 Be6 16. Qh5 {[%csl Gc2][%cal Rh5h7]} g6 $1 {[%cal Rg6h5]} 17. Qf3 f5 (17... a5 $11) 18. Bh6 Rf7 19. Ne2 g5 20. h4 {hxg5 is the strong threat.} g4 21. Qe3 $36 {[%mdl 2048] Black is under pressure.} Bxh4 {[#]} 22. g3 $1 {[%cal Rg3h4]} Be7 23. Kg2 a5 24. Rh1 b4 25. axb4 axb4 26. Rxa8 Qxa8 27. Bg5 Qd8 (27... f4 $16 {is a better defense.} 28. gxf4 (28. Bxf4 Qd8 $16) 28... b3) 28. Bxe7 $18 Qxe7 29. Nf4 b3 30. Bb1 Ne8 (30... Bd7 $16 31. Rh6 Be6) 31. Rh6 Ng7 $2 (31... Bc8 {was called for.} 32. Rb6 (32. Nxd5 Qb7 $14) 32... Qc7) 32. Qe1 Bc8 {[#]} 33. Rxh7 $3 {[%mdl 512]} Ne6 {[#]} ({Much weaker is} 33... Kxh7 34. Qh1+ Nh5 35. Qxh5+ Kg7 36. Qg6+ (36. Nxd5 Bb7 $17) 36... Kf8 37. Qh6+ (37. Nxd5 Bb7 $16) 37... Ke8 38. Qc6+ (38. Nxd5 Bb7 $11) 38... Kd8 39. e6 $18 (39. Nxd5 Bb7 $17) (39. Qxd5+ Qd7 $18)) (33... Ne8 $142) 34. Rh8+ $1 {[%mdl 512] White is clearly winning.} Kxh8 35. Ng6+ Kg7 36. Nxe7 Rxe7 37. Bxf5 Nf4+ 38. gxf4 Bxf5 39. Qa5 Be6 40. Qb6 Re8 {[#]} 41. Kg3 {Precision: White = 72%, Black = 39%.} (41. f5 $142 $1 c3 (41... Bxf5 42. Qf6+) 42. bxc3 Bxf5 43. Qf6+ Kg8 44. Qxf5) 1-0

[Event "EYCC 2017"]
[Site "Mamaia"]
[Date "2017.09.13"]
[Round "8"]
[White "Pultinevicius, Paulius"]
[Black "Ewert, Hannes"]
[Result "1-0"]
[WhiteElo "2381"]
[BlackElo "2261"]
[Annotator "TA"]
[PlyCount "57"]
[EventDate "2017.??.??"]
[EventType "swiss"]
[EventCountry "ROU"]
[SourceTitle "playchess.com"]
[Source "ChessBase"]
[SourceQuality "1"]

{[%evp 33,57,0,9,0,47,54,106,108,106,98,119,138,110,129,418,274,412,400,907,907,1833,1718,3041,2552,2157,1213]} 1. c4 c5 2. Nf3 g6 3. d4 cxd4 4. Nxd4 Bg7 5. e4 Nc6 6. Be3 Nf6 7. Nc3 Ng4 8. Qxg4 Nxd4 9. Qd1 Ne6 10. Qd2 Qa5 11. Rc1 b6 12. Be2 Bb7 13. f3 g5 14. O-O h5 15. Rfd1 d6 16. Nd5 Qxd2 {B39: Sicilian: Maroczy Bind with 5...Bg7 and 7...Ng4} 17. Rxd2 Rc8 {LiveBook: 3 Games} (17... h4 18. b4 Be5 19. a4 f6 20. Ra2 Kf7 21. Rd1 Nf4 22. Bf1 Rhg8 23. a5 Bxd5 24. exd5 bxa5 25. Rxa5 {1-0 (62) Zajic,M (2486)-Supancic,D (2317) Slovenia 2016}) 18. Rb1 Kd7 $146 {The position is equal.} ({Predecessor:} 18... Be5 19. Rdd1 Kf8 20. b4 Ba6 21. a4 Nf4 22. Bf1 Nxd5 23. exd5 g4 24. f4 {1-0 (51) Zylka,S (2305)-Stukner,S (2151) Ostrava 2017}) 19. b4 Ba6 (19... Ke8 $14) 20. c5 $16 {[%cal Bc4c5,Bc5b6,Bb6a7][%mdl 32]} Bxe2 21. cxb6 Bc4 22. bxa7 {[#] aiming for Nb6+.} Bxd5 23. exd5 Nd8 $2 {[%mdl 8192]} (23... Nf4 $16 {might work better.}) 24. a4 {[%cal Ba2a4,Ba4a5,Ba5a6][%mdl 32]} Nb7 {[#]} (24... Be5 $142 25. Bxg5 h4) 25. a5 $1 $18 {[%cal Ra5a6]} Rc3 (25... Rc7 $142 26. a6 (26. Bxg5 Nxa5 27. bxa5 Rxa7 $16) 26... Ra8 27. axb7 Rxb7) 26. a6 {White is clearly winning.} Kc7 27. b5 {[%cal Bb4b5,Bb5b6][%mdl 32]} Ra8 28. b6+ Kc8 29. Bxg5 {Precision: White = 85%, Black =  6%.} 1-0

[Event "EYCC 2017"]
[Site "Mamaia"]
[Date "2017.09.13"]
[Round "8"]
[White "Shubin, Kirill"]
[Black "Katopodis, Dimitrios"]
[Result "1-0"]
[WhiteElo "2375"]
[BlackElo "2210"]
[Annotator "TA"]
[PlyCount "129"]
[EventDate "2017.??.??"]
[EventType "swiss"]
[EventCountry "ROU"]
[SourceTitle "playchess.com"]
[Source "ChessBase"]
[SourceQuality "1"]

1. c4 {Program Activation Required} b6 2. d4 Bb7 3. Nc3 Nf6 4. Nf3 e6 5. a3 d5 6. Bf4 a6 {E12: Damenindisch (Petrosjan-System und 4. oder 5.Lg5)} (6... Bd6 7. Bxd6 cxd6 8. e3 O-O 9. cxd5 Nxd5 10. Nxd5 Bxd5 11. Bd3 Nd7 12. e4 Bb7 13. O-O e5 14. Re1 exd4 15. Nxd4 {½-½ (45) Anton Guijarro,D (2679)-Zhigalko,S (2639) Poikovsky 2017}) 7. e3 dxc4 $146 ({Vorgänger:} 7... Be7 8. Rc1 Nh5 9. Be5 f6 10. Nd2 g6 11. Bg3 c6 12. Bd3 O-O 13. Qc2 Nd7 14. O-O Rc8 15. Qb3 b5 16. cxd5 cxd5 17. a4 b4 18. Ne2 Nxg3 19. hxg3 Qb6 20. Nf4 f5 {1-0 (20) Orzech,D (2384)-Jaroch,K (2254) Zgierz 2017}) 8. Bxc4 Nbd7 9. d5 exd5 10. Nxd5 Bd6 11. Bxd6 cxd6 12. O-O O-O 13. Nf4 Ne5 14. Be2 Bxf3 15. Bxf3 Rc8 16. Bb7 Rb8 17. Bd5 b5 18. b4 Qb6 19. Bb3 Rbc8 20. a4 Nc4 21. a5 Qc6 22. Qd4 Rfd8 23. Rfd1 h6 24. Rac1 d5 25. Nd3 Ne4 26. Nf4 Nf6 27. Bc2 Qd6 28. Bf5 Rc7 29. Nd3 g6 30. Bh3 Ne4 31. Nf4 Nf6 32. Be6 Qe7 33. Bxd5 Kg7 34. e4 Ne5 35. Rxc7 Qxc7 36. Nd3 Nxd3 37. Rxd3 Qc1+ 38. Rd1 Qf4 39. g3 Qc7 40. Rd3 Re8 41. Kg2 Qe7 42. Rf3 Qd6 43. Rd3 Kf8 44. Bb7 Qe7 45. Bxa6 Qxe4+ 46. Qxe4 Rxe4 47. Bxb5 Rxb4 48. a6 Rxb5 49. a7 Ra5 50. Rd8+ Kg7 51. a8=Q Rxa8 52. Rxa8 h5 53. Kf3 Ng4 54. h3 Nf6 55. Rd8 Nh7 56. Kf4 Nf6 57. Ke5 Nh7 58. h4 Nf6 59. f3 Nh7 60. Rd6 Nf8 61. f4 Nh7 62. f5 g5 63. f6+ Kg6 64. Rd8 gxh4 65. gxh4 1-0

[Event "EYCC 2017"]
[Site "Mamaia"]
[Date "2017.09.13"]
[Round "8"]
[White "Gharibyan, Mamikon"]
[Black "Mammadov, Sadig"]
[Result "1-0"]
[WhiteElo "2365"]
[BlackElo "2099"]
[Annotator "TA"]
[PlyCount "117"]
[EventDate "2017.??.??"]
[EventType "swiss"]
[EventCountry "ROU"]
[SourceTitle "playchess.com"]
[Source "ChessBase"]
[SourceQuality "1"]

{[%evp 23,117,72,75,47,58,59,64,41,139,119,125,43,39,41,87,86,88,99,84,68,64,68,74,52,56,56,54,43,81,65,70,52,63,50,92,92,115,83,81,39,72,61,104,93,104,89,123,90,101,88,166,166,178,152,166,141,135,128,179,175,172,148,149,177,223,217,212,212,224,213,216,200,184,199,312,305,318,318,365,330,372,339,380,358,316,212,206,183,1048,983,12833,12832,29992,29993,29993,29994]} 1. d4 g6 2. c4 Bg7 3. Nc3 d6 4. Nf3 Nf6 5. e4 O-O 6. Be2 e5 7. O-O Nc6 8. Be3 Ng4 9. Bg5 {[%cal Be3g5,Bg5h4,Bh4g3][%mdl 32]} f6 10. Bh4 Qe8 11. d5 {E97: King's Indian: Classical Main Line (6...e5 7 0-0 Nc6): 8 Be3 and 8 d5 Ne7, not 9 Ne1} Ne7 12. Nd2 h5 {LiveBook: 4 Games} 13. b4 {White is better.} g5 14. Bg3 f5 15. exf5 Bxf5 ({Better is} 15... Nxf5 $14 16. Nde4 (16. Bxg4 hxg4 17. Nde4 Qg6 $11) 16... Nxg3 17. hxg3 Bf5) 16. Nde4 $16 Qg6 17. h3 $146 (17. Re1 $1 $16) ({Predecessor:} 17. Re1 a5 {½-½ (17) Fahnenschmidt,G (2380)-Nunn,J (2625) Germany 1988}) 17... Bxe4 $14 18. hxg4 hxg4 19. Nxe4 ({But not} 19. Bxg4 $6 Bd3 $11) 19... Qxe4 20. Bd3 Qd4 {aiming for ...e4.} 21. Qe2 Nf5 22. Bxf5 $1 Rxf5 23. Rac1 {[%cal Ba1c1,Bc1c2,Bc2b2,Bb2e2][%mdl 32]} Raf8 24. Rfd1 $36 {[%mdl 2048] White is pushing.} Qb6 25. a3 R8f7 26. Qxg4 Bf8 27. Rc2 a5 28. Rb2 a4 29. Re2 Bg7 30. Qe4 Qa7 31. Qe3 Qa6 32. Rc1 Bh6 33. Qe4 Kg7 34. Rc3 b6 35. Rec2 Qb7 36. Rc1 Qb8 (36... R5f6 $16 {keeps fighting.}) 37. c5 $18 bxc5 38. bxc5 Qb2 39. cxd6 cxd6 40. Qxa4 Qd2 (40... Qe2 $16 41. Rc8 Kg6) 41. Qe4 Qd4 42. Rc4 Qxe4 43. Rxe4 Kf6 44. Rc6 Bf8 {[#]} 45. a4 $1 {[%cal Ba3a4,Ba4a5][%mdl 32]} Ra7 {[#]} 46. Rb6 $1 Be7 47. f3 Ra5 48. Rb5 Ra6 (48... Ra8 {was called for.} 49. Rc4 Kg7) 49. Rc4 Kg6 50. a5 Rf8 51. Be1 Rfa8 52. Rb6 R6a7 53. Bb4 Kf7 54. Bxd6 Bd8 55. Bxe5 {Threatens to win with Rh6.} Rxa5 $2 (55... Rd7 56. Rb5 (56. Rh6 Rxa5 57. Rcc6 Raxd5 $18) 56... Rxa5) 56. Rb7+ Ke8 57. Re4 {Intending Bc3+ and mate.} Ra4 58. Bd4+ Kf8 59. Bc5+ {Precision: White = 68%, Black = 44%.} 1-0

[Event "EYCC 2017"]
[Site "Mamaia"]
[Date "2017.09.13"]
[Round "8"]
[White "Zarubitski, Viachaslau"]
[Black "Oboladze, Luka"]
[Result "0-1"]
[WhiteElo "2325"]
[BlackElo "2083"]
[Annotator "NA RC"]
[PlyCount "78"]
[EventDate "2017.??.??"]
[EventType "swiss"]
[EventCountry "ROU"]
[SourceTitle "playchess.com"]
[Source "ChessBase"]
[SourceQuality "1"]
[TimeControl "40/5400+30:1800+30"]

1. c4 {[%emt 0:00:00]} c5 {[%emt 0:01:30]} 2. Nc3 {[%emt 0:00:00]} Nc6 {[%emt 0:00:20]} 3. g3 {[%emt 0:00:23]} g6 {[%emt 0:00:09]} 4. Bg2 {[%emt 0:00:47]} Bg7 {[%emt 0:00:12]} 5. e3 {[%emt 0:00:21]} d6 {[%emt 0:01:41]} 6. Nge2 {[%emt 0:00:28]} h5 {[%emt 0:07:34]} 7. h3 {[%emt 0:14:13]} Nh6 {[%emt 0:06:47]} 8. e4 {[%emt 0:01:31]} h4 {[%emt 0:05:01]} 9. g4 {[%emt 0:01:31]} f5 {[%emt 0:03:13]} 10. gxf5 {[%emt 0:20:14]} gxf5 {[%emt 0:00:16]} 11. d3 {[%emt 0:00:19]} Be6 {[%emt 0:12:59]} 12. Rg1 {[%emt 0:28:08]} Qd7 {[%emt 0:09:27]} 13. Bg5 {[%emt 0:00:30]} O-O-O {[%emt 0:08:36]} 14. Bxh4 {[%emt 0:07:28]} Nf7 {[%emt 0:04:38]} 15. Bg3 {[%emt 0:01:57]} fxe4 {[%emt 0:00:44]} 16. Nxe4 {[%emt 0:03:21]} Bxh3 {[%emt 0:02:28]} 17. Bxh3 {[%emt 0:00:34]} Rxh3 {[%emt 0:00:48]} 18. Nf4 {[%emt 0:03:57]} Rh6 {[%emt 0:03:30]} 19. Qa4 {[%emt 0:06:14]} Bxb2 {[%emt 0:08:32]} 20. Rb1 {[%emt 0:00:00]} Be5 {[%emt 0:00:31]} 21. Kd2 {[%emt 0:01:20]} e6 {[%emt 0:03:15]} 22. Ne2 {[%emt 0:01:27]} Qc7 {[%emt 0:02:20]} 23. Bxe5 {[%emt 0:01:13]} Nfxe5 {[%emt 0:00:16]} 24. Rg3 {[%emt 0:00:18]} Qa5+ {[%emt 0:02:32]} 25. Qxa5 {[%emt 0:00:33]} Nxa5 {[%emt 0:00:04]} 26. f4 {[%emt 0:00:45]} Nec6 {[%emt 0:01:14]} 27. Rbg1 {[%emt 0:01:05]} Ne7 {[%emt 0:04:27]} 28. Rg7 {[%emt 0:01:00]} Nac6 {[%emt 0:00:09]} 29. Rf7 {[%emt 0:00:36]} Nf5 {[%emt 0:01:46]} 30. N4g3 {[%emt 0:02:30]} Nfd4 {[%emt 0:03:13]} 31. Nxd4 {[%emt 0:00:09]} Nxd4 {[%emt 0:01:20]} 32. Rh1 {[%emt 0:01:55]} Rxh1 {[%emt 0:01:40]} 33. Nxh1 {[%emt 0:00:01]} Rd7 {[%emt 0:02:12]} 34. Rf8+ {[%emt 0:00:06]} Kc7 {[%emt 0:00:15]} 35. Nf2 {[%emt 0:01:12]} Rg7 {[%emt 0:00:20]} 36. a3 {[%emt 0:00:52]} Rg1 {[%emt 0:00:53]} 37. Ne4 {[%emt 0:00:39]} Rg2+ {[%emt 0:00:28]} 38. Kd1 {[%emt 0:00:01]} Ra2 {[%emt 0:00:26]} 39. Nc3 {[%emt 0:00:56]} Rxa3 {[%emt 0:00:28]} 0-1

[Event "EYCC 2017"]
[Site "Mamaia"]
[Date "2017.09.13"]
[Round "8"]
[White "Kouskoutis, Georgios-Alexandros"]
[Black "Livaic, Leon"]
[Result "0-1"]
[WhiteElo "2314"]
[BlackElo "2461"]
[Annotator "TA"]
[PlyCount "94"]
[EventDate "2017.??.??"]
[EventType "swiss"]
[EventCountry "ROU"]
[SourceTitle "playchess.com"]
[Source "ChessBase"]
[SourceQuality "1"]

{[%evp 26,94,13,18,17,20,19,-8,-8,-8,-4,-10,0,0,0,0,0,0,0,-27,-26,-49,-56,-79,-36,-86,-18,-11,0,-73,-20,-26,-26,-88,-43,-43,0,-91,-104,-108,-105,-337,-342,-335,-335,-302,-308,-287,-155,-151,-149,-300,-247,-293,-272,-268,-270,-340,-312,-275,-300,-279,-262,-351,-350,-322,-312,-12843,-129,-12844,-12844]} 1. c4 e5 2. g3 Nc6 3. Bg2 g6 4. Nc3 Bg7 5. d3 d6 6. e4 Be6 7. Nge2 Nge7 8. Nd5 O-O 9. O-O Qd7 10. Be3 f5 11. Qd2 Rf7 12. Rae1 Raf8 {A26: English Opening vs King's Indian with ...Nc6 and d3} 13. f4 fxe4 14. dxe4 {LiveBook: 4 Games} Nc8 {The position is equal.} 15. c5 (15. b3 Bh3 16. Rf2 Bxg2 17. Kxg2 Qe6 18. Qc2 Nd4 19. Bxd4 exd4 20. Ng1 {1-0 (48) Solovchuk,A (2348)-Iakymov,V (2483) Alushta 2011}) 15... Bh3 16. b4 Bxg2 17. Kxg2 exf4 18. gxf4 N6e7 $146 ({Predecessor:} 18... Re8 19. Ng3 h5 20. b5 {0-1 (34) Benko,P-Botvinnik,M Monte Carlo 1968}) 19. Ng3 Nxd5 20. Qxd5 c6 21. Qb3 {cxd6 is the strong threat.} d5 22. exd5 (22. f5 $5) 22... cxd5 23. Rd1 Ne7 $36 {[%mdl 2048] Black has the initiative.} 24. Rf2 h5 (24... d4 $5 {[%cal Rd7c6]} 25. Kg1 Nf5 $17) 25. Bc1 Kh7 (25... h4 $17 26. Ne2 d4) 26. Kh1 $11 Qc6 27. Qd3 {[#]} (27. Rg2 $1 $11) 27... Nf5 (27... h4 $1 $17 {[%cal Rh4g3]} 28. Ne2 d4+ 29. Rg2 a6) 28. Nxf5 Rxf5 29. Qf3 {[#]} (29. Bd2 $11 {remains equal.}) 29... a5 $1 {[%mdl 512]} 30. bxa5 Ra8 31. Bb2 (31. Bd2 $11 {keeps the balance.}) 31... Rxa5 $17 32. Bxg7 Kxg7 33. Qc3+ $2 (33. Rg2 $17 {might work better.} Rxc5 34. Rdg1) 33... d4+ $1 $19 34. Qf3 Qxf3+ ({Not} 34... Raxc5 35. Qxc6 bxc6 36. Rxd4 $15) (34... Qxc5 35. Qxb7+ Rf7 36. Qe4 $15) 35. Rxf3 Rxa2 {[%mdl 4096] Endgame KRR-KRR} ({Weaker is} 35... Rfxc5 36. a3 $17) 36. Rc1 Rf6 (36... Rd2 $19 37. Kg1 Kf6) 37. Rb1 $17 Rf7 38. Rc1 $2 (38. Rb6 $17 {was necessary.}) 38... Re2 $19 39. Kg1 Re4 40. Rb1 {[#]} Kf6 $1 41. Rb5 Rfe7 42. Kg2 Re2+ 43. Kg3 Rc2 44. h3 Rc7 45. Rb6+ Kf5 {( -> ...h4+!)} 46. Rd6 $2 {[#]} (46. h4) 46... h4+ $1 {[%mdl 512]} 47. Kxh4 Rg2 {Precision: White = 39%, Black = 56%.} 0-1

[Event "EYCC 2017"]
[Site "Mamaia"]
[Date "2017.09.13"]
[Round "8"]
[White "Bronstein, Or"]
[Black "Matviishen, Viktor"]
[Result "0-1"]
[WhiteElo "2308"]
[BlackElo "2431"]
[Annotator "TA"]
[PlyCount "114"]
[EventDate "2017.??.??"]
[EventType "swiss"]
[EventCountry "ROU"]
[SourceTitle "playchess.com"]
[Source "ChessBase"]
[SourceQuality "1"]

1. d4 {Program Activation Required} Nf6 2. c4 e6 3. Nf3 b6 4. a3 Ba6 5. Qc2 d5 6. Bg5 $146 {E12: Damenindisch (Petrosjan-System und 4. oder 5.Lg5)} ({Vorgänger:} 6. cxd5 exd5 7. Bg5 Be7 8. Nc3 O-O 9. Bxf6 Bxf6 10. e3 Bxf1 11. Kxf1 c6 12. g3 Qd6 13. Kg2 Nd7 14. Rac1 Rac8 {1-0 (49) Khismatullin,D (2638)-Golovin,L (2475) St Petersburg 2012}) 6... Bxc4 7. Ne5 Ba6 8. Nc3 Be7 9. Qa4+ Nfd7 10. Bf4 Bd6 11. Nxd7 Qxd7 12. Bxd6 Qxa4 13. Nxa4 cxd6 14. Rc1 Kd7 15. e3 Bxf1 16. Rxf1 Nc6 17. Ke2 Rhc8 18. Kd3 Na5 19. Nc3 Nb3 20. Rcd1 Rc6 21. f3 Rac8 22. Rf2 Rc4 23. Kc2 Na5 24. Kd3 a6 25. Rdd2 b5 26. Na2 e5 27. Nb4 Ke6 28. Rc2 Nb3 29. Rxc4 dxc4+ 30. Kc3 Ra8 31. f4 f5 32. Rf3 a5 33. d5+ Kf6 34. Nc6 exf4 35. Rxf4 g5 36. Rf3 g4 37. Rf2 Re8 38. Re2 f4 39. e4 Nc5 40. Nxa5 Rxe4 41. Rxe4 Nxe4+ 42. Kd4 f3 43. gxf3 gxf3 44. Ke3 f2 45. Ke2 Ke5 46. a4 bxa4 47. Nxc4+ Kxd5 48. Nb6+ Kc5 49. Nxa4+ Kb5 50. b3 Kb4 51. h4 h5 52. Nb2 Kxb3 53. Nd3 d5 54. Nf4 d4 55. Kf1 Kc2 56. Ke2 d3+ 57. Nxd3 f1=Q+ 0-1